| 000 | 00775 a2200229 4500 | ||
|---|---|---|---|
| 005 | 20251223145757.0 | ||
| 008 | 251223b |||||||| |||| 00| 0 eng d | ||
| 020 | _a9781009345170 | ||
| 037 | _cTB | ||
| 040 |
_aCRL _cCRL |
||
| 041 |
_2eng _aeng |
||
| 084 |
_aNA44(Q7) R5 _qCRL |
||
| 100 |
_aChandra, Aditi _9821721 |
||
| 245 |
_aUnruly monuments: _bdisrupting the state at Delhi's Islamic architecture |
||
| 260 |
_aNew York, USA: _bCambridge University Press, _c2025. |
||
| 300 | _axxii, 394p. | ||
| 365 |
_b1595.00 _cINR |
||
| 650 |
_aArts _9859041 |
||
| 650 |
_aArchitecture _9859042 |
||
| 942 |
_cTB _2CC _n0 _hNA44(Q7) R5 |
||
| 999 |
_c1435654 _d1435654 |
||